Flaggen der Skandinavischen Länder und Inseln - Statistiken

Allgemein
  • Dieses Quiz wurde 570 mal gespielt
  • Das Durchschnittsergebnis liegt bei 7 aus 9
Antwortstatistiken
Bildquiz Hint Antwort % Korrekt
Schweden
100%
Dänemark
99%
Finnland
99%
Island
98%
Norwegen
98%
Dänische Insel Färöer
69%
Dänische Insel Grönland
69%
Finnische Insel Åland
42%
Schwedische Insel Öland
17%
Keine übereinstimmenden Quizze gefunden
Verteilung der Resultate
Anzahl Personen mit jedem Resultat
Perzentil nach korrekt beantworteten Fragen
Ihre Resultats-Entwicklung
Sie haben dieses Quiz noch nicht gespielt